000 00936nam a22001937a 4500
003 AM-YeHGA
005 20250617153834.0
008 180206s1904 ru ||||| |||| 00| 0 rus d
040 _aAM-YeHGA
041 0 _arus
100 1 _aСмоленский, Степан Васильевич
245 1 0 _aО ближайших практических задачах и научных разысканиях в области русской церковно-певческой археологии /
_cСт. В. Смоленский
260 _a[Санкт-Петербург] :
_bОЛДП [О-во любителей древ. письменности] ,
_c1904.
300 _a64 с. ,
_c25 см
440 0 _aПамятники древней письменности и искусства ;
_v151
651 1 4 _aЦерковно-певческая разыскания
_v
_xАрхеология
942 _2udc
_cBK
090 _c401355
999 _c399204
_d399204